Statistics for Michael Jordan's Finals Opponents

Click here to take the quiz!

General Stats

  • This quiz has been taken 48 times
    (37 since last reset)
  • The average score is 6 of 6

Answer Stats

HintAnswer% Correct
1997Jazz
100%
1998Jazz
100%
1991Lakers
97%
1993Suns
91%
1992Trailblazers
88%
1996Supersonics
82%

Score Distribution

Percentile by Number Answered

Percent of People with Each Score

Your Score History

You have not taken this quiz since the last reset